• 首页
  • 本馆介绍
  • 公告通知
  • 最新文献
  • 馆藏检索
  • 电子资源
  • 读者导购
  • 参考咨询
  • 我的图书馆
  • 登录
  • 详细信息显示
  • 放入我的书架
  • 预约/预借图书
  • 作者相关作品
  • 分类相关作品
  • 丛书相关作品
  • 出版社相关作品

书目信息

  • 表格格式
  • 工作单格式
  • 卡片格式
题名:
高压电气绝缘检测工作页
    
 
作者: 王喜燕 , 马广胜 主编
分册:  
出版信息: 北京   化学工业出版社  2021
页数: 148页
开本: 26cm
丛书名:
单 册:
中图分类: TM855 , TM85
科图分类:
主题词: 高压电气设备--绝缘检测--高等职业教育--教材
电子资源:
ISBN: 978-7-122-38834-6
000 01073nam0 2200277 450
001 2237451648
005 20220929102523.46
010    @a978-7-122-38834-6@dCNY36.00
100    @a20210923d2021 em y0chiy50 ea
101 0  @achi
102    @aCN@b110000
105    @aa z 000yy
200 1  @a高压电气绝缘检测工作页@9gao ya dian qi jue yuan jian ce gong zuo ye@f王喜燕,马广胜主编
205    @a2版
210    @a北京@c化学工业出版社@d2021
215    @a148页@c图表@d26cm
300    @a职业教育新形态规划教材
302    @a有书目(第148页)
330    @a本教材在编写时将理论与试验相结合,在学习页中详细介绍了各种高压电气绝缘试验原理和试验所用仪器,之后的工作页则需要读者通过试验完成。本教材力求让读者掌握试验仪器操作方法,以及利用相关仪器进行绝缘预防性试验和高压电气设备绝缘试验的方法,并能根据试验数据做出绝缘性能的初步判断。
606 0  @a高压电气设备@x绝缘检测@x高等职业教育@j教材
690    @aTM855@v5
690    @aTM85@v4
701  0 @a王喜燕@9wang xi yan@4主编
701  0 @a马广胜@9ma guang sheng@4主编
801  0 @aCN@b91MARC@c20211015
905    @aZUCC@dTM85@e2-2
    
    高压电气绝缘检测工作页/王喜燕,马广胜主编.-2版.-北京:化学工业出版社,2021
    148页:图表;26cm
    职业教育新形态规划教材
    
    ISBN 978-7-122-38834-6:CNY36.00
    本教材在编写时将理论与试验相结合,在学习页中详细介绍了各种高压电气绝缘试验原理和试验所用仪器,之后的工作页则需要读者通过试验完成。本教材力求让读者掌握试验仪器操作方法,以及利用相关仪器进行绝缘预防性试验和高压电气设备绝缘试验的方法,并能根据试验数据做出绝缘性能的初步判断。
●
相关链接 在五车中查询图书 在当当中查询图书 在豆瓣中查询图书


正题名:高压电气绝缘检测工作页     索取号:TM85/2-2         预约/预借

序号 登录号 条形码 馆藏地/架位号 状态 备注
1 2000906032   2000906032   第三书库/ [索取号:TM85/2-2] 在馆    
2 2000906033   2000906033   第三书库/ [索取号:TM85/2-2] 在馆    
3 2000906034   2000906034   第三书库/ [索取号:TM85/2-2] 在馆    
山东省滨州职业学院图书馆 欢迎您!
大连网信软件有限公司© 版权所有